Normal view
MARC view
- Bros, Evans
Entry Personal Name
001 - CONTROL NUMBER
- control field: 107301
003 - CONTROL NUMBER IDENTIFIER
- control field: NUST
005 - DATE AND TIME OF LATEST TRANSACTION
- control field: 20230120182511.0
008 - FIXED-LENGTH DATA ELEMENTS
- fixed length control field: 230120|| aca||aabn | a|a d
040 ## - CATALOGING SOURCE
- Original cataloging agency: NUST
- Transcribing agency: NUST
100 ## - HEADING--PERSONAL NAME
- Personal name: Bros, Evans
670 ## - SOURCE DATA FOUND
- Source citation: Work cat.: (NUST)190869: Bros, Evans, Cabinet construction:, 1963
